[Event "Lichtenrader Herbst 2017"]
[Site "Berlin"]
[Date "2017.11.05"]
[Round "9.8"]
[White "Llopis de Aysa, Manuel"]
[Black "Ahmadinia, Ebrahim"]
[Result "0-1"]
[WhiteElo "2138"]
[BlackElo "2400"]
[PlyCount "74"]
[EventDate "2017.??.??"]

1. d4 g6 2. e4 Bg7 3. c4 d6 4. Nc3 Nf6 5. Nf3 O-O 6. Be2 Na6 7. O-O e5 8. Re1
c6 9. Bf1 exd4 10. Nxd4 Ng4 11. h3 Ne5 12. Be3 Nc5 13. Qd2 a5 14. Rad1 Qb6 15.
Nc2 Qxb2 16. Bxc5 dxc5 17. Na4 Qxa2 18. Nb6 Be6 19. Ra1 Rad8 20. Qxd8 Qxc2 21.
Qd1 Qc3 22. Rc1 Qd4 23. Qb3 Qd8 24. Red1 Qc7 25. Rb1 g5 26. Be2 Ng6 27. Bg4 Bd4
28. Rd3 Bxg4 29. hxg4 Qf4 30. Rf3 Qxg4 31. Rg3 Qxe4 32. Rxg5 Bxf2+ 33. Kxf2
Qf4+ 34. Kg1 Qxg5 35. Nd7 Rd8 36. Qxb7 Qe7 37. Rd1 Nf8 0-1

[Event "Lichtenrader Herbst 2017"]
[Site "Berlin"]
[Date "2017.11.05"]
[Round "9.9"]
[White "Biriukov, Nikolai"]
[Black "Lorenz, Sascha"]
[Result "1-0"]
[WhiteElo "2400"]
[BlackElo "2219"]
[PlyCount "45"]
[EventDate "2017.??.??"]

1. c4 e5 2. Nc3 Nf6 3. g3 Bb4 4. Bg2 O-O 5. Nf3 Re8 6. O-O h6 7. d3 c6 8. a3
Bxc3 9. bxc3 d5 10. Nd2 e4 11. cxd5 exd3 12. exd3 cxd5 13. h3 Nc6 14. Nf3 Qa5
15. Bb2 Be6 16. Qd2 Nd7 17. Rad1 Qa4 18. g4 Nc5 19. c4 dxc4 20. g5 Qb3 21. gxh6
Na4 22. Qg5 Qxb2 23. d4 1-0

[Event "Lichtenrader Herbst 2017"]
[Site "Berlin"]
[Date "2017.11.05"]
[Round "9.10"]
[White "Moeller, Hendrik"]
[Black "Cusnariov, Nikolai"]
[Result "0-1"]
[WhiteElo "2279"]
[BlackElo "2099"]
[PlyCount "80"]
[EventDate "2017.??.??"]

1. c4 Nf6 2. g3 e6 3. Bg2 d5 4. Nf3 Be7 5. O-O O-O 6. b3 c5 7. Bb2 Nc6 8. e3
Qb6 9. Qe2 dxc4 10. Qxc4 Rd8 11. Nc3 Qb4 12. Qe2 Qa5 13. Rfd1 b6 14. d3 Ba6 15.
a3 b5 16. Ng5 Rac8 17. Nce4 Nxe4 18. Nxe4 Qc7 19. Rac1 c4 20. b4 Ne5 21. dxc4
Rxd1+ 22. Qxd1 bxc4 23. Bc3 f5 24. Qd4 fxe4 25. Qxe5 Qxe5 26. Bxe5 Bb7 27. Bf1
Bd5 28. Bc3 Bf6 29. b5 Kf7 30. a4 Bxc3 31. Rxc3 Ke7 32. a5 Kd6 33. b6 axb6 34.
axb6 Kc5 35. Be2 Kxb6 36. Kf1 Kc5 37. Rc1 Kb4 38. Ke1 c3 39. Ra1 Kb3 40. Rb1+
Ka2 0-1

[Event "Lichtenrader Herbst 2017"]
[Site "Berlin"]
[Date "2017.11.05"]
[Round "9.11"]
[White "Turbin, Yaroslav"]
[Black "Niehaus, Frank"]
[Result "1-0"]
[WhiteElo "1986"]
[BlackElo "2183"]
[PlyCount "79"]
[EventDate "2017.??.??"]

1. Nf3 Nf6 2. d4 g6 3. g3 Bg7 4. Bg2 O-O 5. O-O d6 6. a4 Nbd7 7. a5 a6 8. c4 e5
9. dxe5 dxe5 10. Nc3 Re8 11. e4 h6 12. Qe2 c6 13. h3 Qe7 14. Rd1 Nc5 15. Ra3
Nfd7 16. b4 Ne6 17. c5 Nd4 18. Nxd4 exd4 19. Na4 Ne5 20. Nb2 Be6 21. f4 d3 22.
Qf2 Nc4 23. Raxd3 Rad8 24. Nxc4 Bxc4 25. Rd6 Bb3 26. R1d2 Bc3 27. Bb2 Bxb2 28.
Rxb2 Rxd6 29. cxd6 Qxd6 30. Qd2 Qxd2 31. Rxd2 Be6 32. g4 Bc8 33. Kf2 Kf8 34.
Rd6 Ke7 35. e5 Be6 36. Be4 f5 37. gxf5 gxf5 38. Bc2 Rc8 39. Bd3 Rg8 40. Rxe6+
1-0

[Event "Lichtenrader Herbst 2017"]
[Site "Berlin"]
[Date "2017.11.05"]
[Round "9.12"]
[White "Schmidek, Emil"]
[Black "Federau, Juergen"]
[Result "1-0"]
[WhiteElo "2387"]
[BlackElo "2113"]
[PlyCount "81"]
[EventDate "2017.??.??"]

1. e4 e5 2. Nf3 Nf6 3. Nxe5 d6 4. Nf3 Nxe4 5. Nc3 Nf6 6. d4 Be7 7. Bd3 O-O 8.
Be3 Nc6 9. a3 a6 10. h3 b5 11. O-O b4 12. Ne2 Nd5 13. Bd2 Bd7 14. c4 bxc3 15.
bxc3 Bf6 16. c4 Nde7 17. Bc3 Bf5 18. Ng3 Bxd3 19. Qxd3 g6 20. d5 Bxc3 21. Qxc3
Nb8 22. Qe3 Kg7 23. Qd4+ Kg8 24. Qh4 Kg7 25. Qd4+ Kg8 26. Rae1 Nd7 27. Qh4 f6
28. Nd4 Nc5 29. Ne4 Nf5 30. Nxf5 gxf5 31. Ng3 Qd7 32. Nh5 Qf7 33. Re3 Ne4 34.
f3 Ng5 35. Rfe1 Qg6 36. Nf4 Qg7 37. Kh2 Rf7 38. Qh5 h6 39. h4 Nh7 40. Ne6 Qh8
41. Qg6+ 1-0

[Event "Lichtenrader Herbst 2017"]
[Site "Berlin"]
[Date "2017.11.05"]
[Round "9.13"]
[White "Kalka, Arkadius Georg"]
[Black "Hiebert, Kenji"]
[Result "1-0"]
[WhiteElo "2329"]
[BlackElo "2017"]
[PlyCount "75"]
[EventDate "2017.??.??"]

1. c4 Nf6 2. g3 e6 3. Bg2 d5 4. Nf3 Be7 5. O-O O-O 6. b3 c5 7. Bb2 Nc6 8. e3 d4
9. exd4 cxd4 10. Re1 Ne8 11. Ne5 Nxe5 12. Rxe5 f6 13. Re1 e5 14. Ba3 Bxa3 15.
Nxa3 Nc7 16. Rc1 Rb8 17. b4 b6 18. c5 Be6 19. Nc4 bxc5 20. bxc5 Bd5 21. Nd6
Bxg2 22. Kxg2 Ne8 23. Nxe8 Qd5+ 24. Qf3 Qxf3+ 25. Kxf3 Rfxe8 26. c6 Rec8 27.
Ke4 Rb5 28. a4 Ra5 29. Rc4 Kf7 30. Rb1 Ke6 31. Rb7 Ra6 32. Rxg7 Raxc6 33. Rxc6+
Rxc6 34. Rxa7 h6 35. f4 Kd6 36. fxe5+ fxe5 37. Ra5 Rc1 38. Rd5+ 1-0

[Event "Lichtenrader Herbst 2017"]
[Site "Berlin"]
[Date "2017.11.05"]
[Round "9.14"]
[White "Albrecht, Rainer"]
[Black "Barath M"]
[Result "1/2-1/2"]
[WhiteElo "2067"]
[BlackElo "2378"]
[PlyCount "114"]
[EventDate "2017.??.??"]

1. d4 Nf6 2. Bf4 d5 3. e3 c5 4. c3 e6 5. Nd2 Nc6 6. Bd3 Bd6 7. Bxd6 Qxd6 8. f4
Nd7 9. Nh3 Ne7 10. O-O b6 11. a4 Bb7 12. Qb1 g6 13. b4 O-O 14. a5 Rab8 15. axb6
axb6 16. bxc5 bxc5 17. Qe1 Ra8 18. Qe2 c4 19. Bc2 Ra3 20. Rxa3 Qxa3 21. Nb1 Qb2
22. Qd1 Ra8 23. Rf2 Qa1 24. Ng5 Bc6 25. Qc1 Nc8 26. e4 dxe4 27. Bxe4 Rb8 28.
Rf1 Qa8 29. Qe3 Nd6 30. Bxc6 Qxc6 31. Nd2 Rb2 32. Nge4 Nxe4 33. Nxe4 Kg7 34.
Re1 Qa4 35. Re2 Qd1+ 36. Kf2 Rb1 37. Re1 Qc2+ 38. Qd2 Rb2 39. Re2 Qxd2 40. Rxd2
Rxd2+ 41. Nxd2 Nb6 42. g3 Nd5 43. Nxc4 Nxc3 44. Ne5 Kf6 45. Ke3 Ke7 46. Kd3 Nd5
47. Ke4 f6 48. Nf3 Kd6 49. Kd3 Nb6 50. Nd2 f5 51. Nf3 Nd7 52. Kc4 Nf6 53. Ne5
Ne4 54. Nf7+ Ke7 55. Ne5 Nf6 56. Kc5 Ne4+ 57. Kc6 Nf6 1/2-1/2

[Event "Lichtenrader Herbst 2017"]
[Site "Berlin"]
[Date "2017.11.05"]
[Round "9.15"]
[White "Polatel, Ali"]
[Black "Pueschel, Werner"]
[Result "1/2-1/2"]
[WhiteElo "2268"]
[BlackElo "2049"]
[PlyCount "139"]
[EventDate "2017.??.??"]

1. c4 Nf6 2. g3 g6 3. Bg2 Bg7 4. Nc3 c6 5. e4 d6 6. Nge2 O-O 7. O-O e5 8. d3
Bg4 9. h3 Bxe2 10. Qxe2 c5 11. Bg5 Nc6 12. Nd5 h6 13. Nxf6+ Bxf6 14. Bxh6 Bg7
15. Qd2 Bxh6 16. Qxh6 Qf6 17. Rad1 Qh8 18. Qg5 Kg7 19. f4 Qh6 20. Qg4 Rad8 21.
Rf2 Nd4 22. Re1 Qh5 23. Bf3 Qxg4 24. Bxg4 f6 25. a3 a5 26. Bd1 Rh8 27. Kg2 g5
28. Ref1 Rdf8 29. Bg4 b6 30. Rb1 Rb8 31. Bd7 gxf4 32. gxf4 Kf7 33. fxe5 dxe5
34. b4 Ke7 35. Bg4 axb4 36. axb4 Nc6 37. bxc5 bxc5 38. Rb5 Rxb5 39. cxb5 Nb4
40. Rf1 Nxd3 41. Ra1 Rb8 42. Ra7+ Kf8 43. Bd7 c4 44. Rc7 Ke7 45. Bf5+ Kf8 46.
Rxc4 Rxb5 47. Rc8+ Kg7 48. Rc7+ Kf8 49. Rc8+ Kg7 50. Rc7+ Kf8 51. Kf3 Nf4 52.
h4 Rb1 53. Bc8 Rg1 54. Ba6 Ne6 55. Rh7 Kg8 56. Rb7 Nd4+ 57. Kf2 Rg4 58. h5 Rxe4
59. Bc4+ Kh8 60. h6 Rf4+ 61. Kg2 Nf5 62. Bd3 e4 63. Be2 Nxh6 64. Kg3 Rf5 65.
Re7 Re5 66. Rxe5 fxe5 67. Kh4 Nf5+ 68. Kg5 Nd4 69. Kf6 Nxe2 70. Kxe5 1/2-1/2

[Event "Lichtenrader Herbst 2017"]
[Site "Berlin"]
[Date "2017.11.05"]
[Round "9.16"]
[White "Stigar, Petter"]
[Black "Bui, Bao Anh Le"]
[Result "1-0"]
[WhiteElo "2211"]
[BlackElo "1896"]
[PlyCount "95"]
[EventDate "2017.??.??"]

1. c4 e5 2. Nc3 c5 3. g3 Nc6 4. Bg2 g6 5. a3 Bg7 6. b4 cxb4 7. axb4 Nxb4 8. Ba3
Bf8 9. Nf3 Nc6 10. Qa4 Bxa3 11. Qxa3 Qe7 12. c5 Nf6 13. O-O O-O 14. Rfb1 Rd8
15. Nb5 Ne8 16. Nd6 Nxd6 17. cxd6 Qf6 18. d3 Rb8 19. Nd2 a6 20. Rb6 Nd4 21. Ne4
Qe6 22. Qb2 Nc6 23. Qa3 Nd4 24. Qa2 Kg7 25. e3 Nc6 26. Qa3 f5 27. Nd2 Rf8 28.
Qc5 Rf6 29. Nc4 e4 30. d4 Qe8 31. Rc1 Ra8 32. f4 h5 33. h4 Qf8 34. Bf1 Kh7 35.
Be2 Kg7 36. Bd1 Kh7 37. Ba4 Nd8 38. Ne5 Nf7 39. Bb3 Nxd6 40. Nf7 Rxf7 41. Bxf7
Qxf7 42. Qxd6 Kg7 43. Rc5 Qe6 44. Qc7 Qf7 45. Qe5+ Kh7 46. Rf6 Qg7 47. Qd6 b5
48. Re5 1-0

[Event "Lichtenrader Herbst 2017"]
[Site "Berlin"]
[Date "2017.11.05"]
[Round "9.17"]
[White "Di Candia, Roberto"]
[Black "Mcgowan, Daniel"]
[Result "1/2-1/2"]
[WhiteElo "1973"]
[BlackElo "2168"]
[PlyCount "49"]
[EventDate "2017.??.??"]

1. e4 e6 2. d4 d5 3. Nc3 Bb4 4. e5 c5 5. Bd2 Ne7 6. Nb5 Bxd2+ 7. Qxd2 O-O 8. f4
a6 9. Nd6 cxd4 10. Nf3 Nbc6 11. Bd3 Qa5 12. Qxa5 Nxa5 13. Nxd4 Rb8 14. Nb3 Nxb3
15. axb3 Bd7 16. O-O Nc8 17. c4 Bc6 18. c5 Ne7 19. b4 b6 20. Bxa6 bxc5 21. b5
Bd7 22. Rae1 c4 23. b3 Nf5 24. Nxf5 exf5 25. bxc4 1/2-1/2

[Event "Lichtenrader Herbst 2017"]
[Site "Berlin"]
[Date "2017.11.05"]
[Round "9.18"]
[White "Vogel, Constantin"]
[Black "Piotrowski, Christopher"]
[Result "1/2-1/2"]
[WhiteElo "1963"]
[BlackElo "2110"]
[PlyCount "94"]
[EventDate "2017.??.??"]

1. c4 e5 2. g3 Nf6 3. Bg2 d5 4. cxd5 Nxd5 5. Nc3 Nb6 6. Nf3 Nc6 7. O-O Be7 8.
a3 O-O 9. b4 Be6 10. d3 Nd4 11. Bb2 Bb3 12. Qd2 Nc4 13. Qc1 Nxf3+ 14. Bxf3 Bg5
15. e3 Qxd3 16. Be2 Qf5 17. Nb5 Qe4 18. Nc3 Qc6 19. b5 Qe6 20. Ne4 Be7 21. Qc3
Nxb2 22. Qxb2 Bd5 23. Nc3 Bc4 24. Bxc4 Qxc4 25. e4 Bc5 26. Rac1 Bd4 27. Ne2
Bxb2 28. Rxc4 c6 29. bxc6 bxc6 30. a4 Rac8 31. Rb1 Ba3 32. Rb3 Bd6 33. Rb7 Bb8
34. Nc1 f6 35. Nb3 Rf7 36. Rcb4 Bd6 37. Rxf7 Kxf7 38. Rb7+ Rc7 39. Rxc7+ Bxc7
40. Kf1 Bb6 41. Ke2 Ke6 42. f3 f5 43. Kd3 g6 44. Nd2 h5 45. h3 Bf2 46. g4 fxg4
47. fxg4 hxg4 1/2-1/2

[Event "Lichtenrader Herbst 2017"]
[Site "Berlin"]
[Date "2017.11.05"]
[Round "9.19"]
[White "Pfau, Beate"]
[Black "Hesse, Henrik"]
[Result "0-1"]
[WhiteElo "2053"]
[BlackElo "2120"]
[PlyCount "108"]
[EventDate "2017.??.??"]

1. c4 Nf6 2. g3 e6 3. Bg2 d5 4. Nf3 Be7 5. O-O O-O 6. b3 d4 7. d3 c5 8. Na3 Nc6
9. Nc2 e5 10. e4 dxe3 11. Nxe3 h6 12. Bb2 Qc7 13. Nd5 Nxd5 14. cxd5 Nd4 15.
Nxd4 exd4 16. b4 Qb6 17. Qe2 Bd6 18. bxc5 Bxc5 19. Rfb1 Qd6 20. Qe4 f5 21. Qe2
b6 22. Re1 Bb7 23. Qe6+ Qxe6 24. dxe6 Bxg2 25. Kxg2 Rae8 26. Rac1 Rf6 27. Rc4
Rfxe6 28. Rxe6 Rxe6 29. Bxd4 Bxd4 30. Rxd4 Re5 31. a4 Kf7 32. Rd7+ Re7 33. Rd6
Ke8 34. Kf3 Rd7 35. Rxd7 Kxd7 36. Kf4 Ke6 37. h4 g6 38. f3 a6 39. g4 b5 40.
axb5 axb5 41. Ke3 fxg4 42. fxg4 Ke5 43. d4+ Kd5 44. g5 hxg5 45. hxg5 Kc4 46.
Ke4 b4 47. Ke5 b3 48. Kf6 b2 49. Kxg6 b1=Q+ 50. Kg7 Qf5 51. g6 Kxd4 52. Kh8
Qh5+ 53. Kg7 Ke5 54. Kf7 Kf5 0-1

[Event "Lichtenrader Herbst 2017"]
[Site "Berlin"]
[Date "2017.11.05"]
[Round "9.20"]
[White "Buttkus, Andre"]
[Black "Krefenstein, Sergej"]
[Result "1/2-1/2"]
[WhiteElo "2032"]
[BlackElo "2172"]
[PlyCount "156"]
[EventDate "2017.??.??"]

1. d4 e6 2. Nf3 c5 3. e3 Nf6 4. Bd3 b6 5. O-O Be7 6. b3 Bb7 7. Nbd2 Nc6 8. a3
Qc7 9. Bb2 cxd4 10. exd4 d5 11. Ne5 Nxe5 12. dxe5 Nd7 13. Re1 Nc5 14. Bb5+ Bc6
15. Bf1 O-O 16. Bd4 Rfd8 17. b4 Na4 18. c3 Be8 19. Rc1 Nb2 20. Qb3 Na4 21. f4
a5 22. Bd3 g6 23. Nf3 Nc5 24. bxc5 bxc5 25. c4 dxc4 26. Rxc4 Qd7 27. Bxg6 hxg6
28. Bxc5 Rdb8 29. Qc2 Bxc5+ 30. Rxc5 Qa7 31. Kh1 Ba4 32. Qc1 Bb3 33. Ng5 Bd5
34. Rc7 Qf2 35. Ne4 Bxe4 36. Rxe4 Rb2 37. Qg1 Qxg1+ 38. Kxg1 Rd8 39. h4 Rdd2
40. Kh2 Rxg2+ 41. Kh3 Rh2+ 42. Kg3 Rbg2+ 43. Kf3 Ra2 44. Kg3 Rhg2+ 45. Kh3 Rge2
46. Rxe2 Rxe2 47. Rc3 Kg7 48. Kg4 Rg2+ 49. Kf3 Rh2 50. Kg3 Rb2 51. Kg4 Rg2+ 52.
Kf3 Rh2 53. Kg3 Rd2 54. Kg4 Rd4 55. Rc5 Ra4 56. Rc3 Kh6 57. Kg3 Kh5 58. Rd3 Rc4
59. Rd7 Rc3+ 60. Kf2 Kxh4 61. Rxf7 Kg4 62. Rf6 Rf3+ 63. Kg2 Rxf4 64. Rxe6 Kf5
65. Ra6 Ra4 66. e6 Kf6 67. e7+ Kxe7 68. Rxg6 Rxa3 69. Kf2 Rd3 70. Rg5 a4 71.
Ra5 a3 72. Ke2 Rh3 73. Kd1 Kd6 74. Kc1 Kc6 75. Kb1 Kb6 76. Ra8 Kc5 77. Ka2 Kc4
78. Rxa3 Rxa3+ 1/2-1/2

[Event "Lichtenrader Herbst 2017"]
[Site "Berlin"]
[Date "2017.11.05"]
[Round "9.21"]
[White "Knudsen, Jesper"]
[Black "Kather, Yannick"]
[Result "1/2-1/2"]
[WhiteElo "2081"]
[BlackElo "2040"]
[PlyCount "33"]
[EventDate "2017.??.??"]

1. e4 c5 2. Nf3 Nc6 3. d4 cxd4 4. Nxd4 g6 5. c4 Nf6 6. Nc3 d6 7. Be2 Nxd4 8.
Qxd4 Bg7 9. Be3 O-O 10. Qd2 Be6 11. O-O a6 12. f3 Rc8 13. Nd5 Nd7 14. Rac1 Bxd5
15. cxd5 Nc5 16. b4 Na4 17. Rxc8 1/2-1/2

[Event "Lichtenrader Herbst 2017"]
[Site "Berlin"]
[Date "2017.11.05"]
[Round "9.22"]
[White "Wierzbicki, Jirawat"]
[Black "Pesola, Jyrki"]
[Result "0-1"]
[WhiteElo "2101"]
[BlackElo "1907"]
[PlyCount "48"]
[EventDate "2017.??.??"]

1. e4 c5 2. c3 Nf6 3. e5 Nd5 4. d4 cxd4 5. cxd4 d6 6. Nf3 Nc6 7. Bc4 Nb6 8. Bb5
dxe5 9. Nxe5 Bd7 10. Nxd7 Qxd7 11. Nc3 Rd8 12. Be3 g6 13. Qf3 Bg7 14. Rd1 Nd5
15. O-O O-O 16. Ne4 Qc8 17. Rc1 Qb8 18. Nc5 Bxd4 19. Nxb7 Ne5 20. Qe2 Bxe3 21.
Nxd8 Bxc1 22. Nc6 Nxc6 23. Bxc6 Nf4 24. Qc2 Qxb2 0-1

[Event "Lichtenrader Herbst 2017"]
[Site "Berlin"]
[Date "2017.11.05"]
[Round "9.23"]
[White "Kornitzky, Tino"]
[Black "Gorny, Michael"]
[Result "0-1"]
[WhiteElo "1943"]
[BlackElo "2050"]
[PlyCount "70"]
[EventDate "2017.??.??"]

1. d4 Nf6 2. c4 e6 3. g3 Bb4+ 4. Bd2 a5 5. Bg2 d6 6. e3 O-O 7. Qc2 e5 8. d5 c6
9. Ne2 cxd5 10. cxd5 Na6 11. O-O Bg4 12. Bc3 Qd7 13. a3 Bc5 14. e4 a4 15. Nc1
Bh3 16. Nd2 b5 17. Nd3 Ba7 18. Nb4 Nc5 19. Nc6 Bb6 20. Bb4 Qg4 21. Bxc5 Bxc5
22. Nxe5 Qh5 23. Nef3 Ng4 24. Qd3 f5 25. exf5 Bb6 26. Nh4 Bxg2 27. Kxg2 g5 28.
fxg6 Bxf2 29. gxh7+ Kg7 30. Ndf3 Bc5 31. Rae1 Rae8 32. Nd4 Qxd5+ 33. Nhf3 Re5
34. Rxe5 dxe5 35. Kh3 e4 {Zü} 0-1

[Event "Lichtenrader Herbst 2017"]
[Site "Berlin"]
[Date "2017.11.05"]
[Round "9.24"]
[White "Starke, Rene-Reiner"]
[Black "Shpati, Ted"]
[Result "1/2-1/2"]
[WhiteElo "1934"]
[BlackElo "2048"]
[PlyCount "140"]
[EventDate "2017.??.??"]

1. d4 Nf6 2. Bf4 d5 3. e3 e6 4. Nd2 Bd6 5. Bg3 O-O 6. Bd3 b6 7. Qe2 Bb7 8. Ngf3
c5 9. c3 Nc6 10. O-O Bxg3 11. hxg3 Qe7 12. Ne5 Nxe5 13. dxe5 Nd7 14. f4 Rad8
15. Qh5 g6 16. Qh3 f6 17. exf6 Rxf6 18. Bb5 Nf8 19. Nf3 d4 20. exd4 Bxf3 21.
Rxf3 cxd4 22. c4 e5 23. fxe5 Rxf3 24. gxf3 Qxe5 25. Qg2 d3 26. Rd1 d2 27. Qf2
Qxb2 28. Bc6 Kg7 29. Bd5 Re8 30. Qxd2 Qxd2 31. Rxd2 Re7 32. Kf2 Nd7 33. Re2
Rxe2+ 34. Kxe2 Kf6 35. Ke3 Ke5 36. f4+ Kd6 37. Kd4 Nf6 38. Bf3 h6 39. Bd1 g5
40. fxg5 hxg5 41. g4 Nd7 42. Bc2 Ne5 43. Bf5 Nf3+ 44. Ke4 Nd2+ 45. Kd4 a5 46.
Bc8 Nf3+ 47. Ke4 Ne5 48. Kf5 Nxc4 49. Kxg5 Ne5 50. Kh5 b5 51. g5 b4 52. Bf5 a4
53. Bc2 b3 54. axb3 axb3 55. Bxb3 Ke7 56. Kh6 Kf8 57. Kh7 Ke7 58. Bd5 Kf8 59.
Bb7 Kf7 60. Be4 Kf8 61. Bd5 Ke7 62. Kg7 Nd3 63. Bb3 Ne5 64. Bd5 Nd3 65. Kh6 Ne5
66. Kg7 Nd3 67. Kh6 Ne5 68. Kh5 Kf8 69. Kh4 Kg7 70. Kh5 Nd3 1/2-1/2

[Event "Lichtenrader Herbst 2017"]
[Site "Berlin"]
[Date "2017.11.05"]
[Round "9.26"]
[White "Feil, Stephan"]
[Black "Sondermann, Jonathan"]
[Result "1-0"]
[WhiteElo "2084"]
[BlackElo "1478"]
[PlyCount "57"]
[EventDate "2017.??.??"]

1. e4 c5 2. Nf3 Nc6 3. Bb5 d6 4. Bxc6+ bxc6 5. O-O g6 6. Re1 Bg7 7. c3 e5 8. d4
cxd4 9. cxd4 exd4 10. Nxd4 Ne7 11. Nc3 O-O 12. Bg5 f6 13. Bf4 f5 14. Bg5 Bf6
15. Bxf6 Rxf6 16. Nxc6 Nxc6 17. Qd5+ Be6 18. Qxc6 Rc8 19. Qa6 Qb6 20. Qxb6 axb6
21. exf5 Bxf5 22. Nd5 Rff8 23. Ne7+ Kf7 24. Nxc8 Rxc8 25. Rac1 Ra8 26. a3 Ra7
27. Rc6 Ra5 28. Rxd6 Rc5 29. Rxb6 1-0

[Event "Lichtenrader Herbst 2017"]
[Site "Berlin"]
[Date "2017.11.05"]
[Round "9.27"]
[White "Tham, Nam"]
[Black "Sulayev, Daniel"]
[Result "0-1"]
[WhiteElo "1683"]
[BlackElo "2051"]
[PlyCount "100"]
[EventDate "2017.??.??"]

1. e4 d6 2. d4 Nf6 3. Nc3 g6 4. Be3 c6 5. Qd2 b5 6. Bd3 Nbd7 7. Nf3 Bg7 8. O-O
O-O 9. a3 a6 10. Rad1 Qc7 11. Bh6 c5 12. Bxg7 Kxg7 13. Rfe1 e5 14. dxe5 dxe5
15. Nd5 Nxd5 16. exd5 c4 17. Bf1 Qd6 18. Qg5 f6 19. Qg3 Nb6 20. Rd2 Rd8 21.
Red1 Bb7 22. Nh4 Kf7 23. Be2 Bxd5 24. Bf3 Qe6 25. Bxd5 Rxd5 26. Qe3 Rad8 27.
Rxd5 Rxd5 28. Rxd5 Qxd5 29. h3 Qd1+ 30. Kh2 Qd4 31. Qh6 Qf4+ 32. Qxf4 exf4 33.
Nf3 Ke6 34. Kg1 Kd5 35. Kf1 Na4 36. b3 Nc3 37. Ke1 cxb3 38. cxb3 Nb1 39. a4
bxa4 40. bxa4 a5 41. Kd1 Nc3+ 42. Kc2 Nxa4 43. Nd2 Nc5 44. Nb1 g5 45. Na3 h5
46. Nb5 f5 47. Nc7+ Ke5 48. Nb5 g4 49. h4 f3 50. g3 Ne4 0-1

[Event "Lichtenrader Herbst 2017"]
[Site "Berlin"]
[Date "2017.11.05"]
[Round "9.28"]
[White "Guenther, Thomas"]
[Black "Farmani Anosheh, Yasha"]
[Result "0-1"]
[WhiteElo "2050"]
[BlackElo "2194"]
[PlyCount "70"]
[EventDate "2017.??.??"]

1. c4 c5 2. Nc3 Nc6 3. g3 g6 4. Bg2 Bg7 5. e3 e6 6. Nge2 Nge7 7. d4 cxd4 8.
exd4 d5 9. cxd5 Nxd5 10. Nxd5 exd5 11. O-O O-O 12. Be3 Bg4 13. f3 Re8 14. Bf2
Be6 15. Qd2 Qb6 16. Rfd1 Rac8 17. Rac1 Qa6 18. Nc3 Qa5 19. Bf1 a6 20. Ra1 b5
21. a4 b4 22. Ne2 Qb6 23. Nc1 Na5 24. g4 b3 25. Qd3 Rc4 26. Ne2 Nc6 27. Ra3 Rb8
28. a5 Nxa5 29. Rda1 Nc6 30. Rxa6 Qb7 31. R6a4 Nb4 32. Qxb3 Nc2 33. Qxb7 Rxb7
34. Ra8+ Bf8 35. Bg3 Nxa1 0-1

[Event "Lichtenrader Herbst 2017"]
[Site "Berlin"]
[Date "2017.11.05"]
[Round "9.29"]
[White "Behrmann, Joachim"]
[Black "Kostanyan, Hakob"]
[Result "1-0"]
[WhiteElo "2228"]
[BlackElo "1857"]
[PlyCount "133"]
[EventDate "2017.??.??"]

1. d4 Nf6 2. c4 g6 3. Nc3 Bg7 4. e4 d6 5. f4 O-O 6. Nf3 Na6 7. Be2 c5 8. d5 Nc7
9. O-O a6 10. a4 Rb8 11. a5 b5 12. axb6 Rxb6 13. h3 e6 14. e5 Nfe8 15. Kh1 Bd7
16. Ra2 exd5 17. cxd5 Bb5 18. Be3 Rb7 19. Bxb5 axb5 20. exd6 Nxd6 21. Bxc5 Nf5
22. Re1 Bxc3 23. bxc3 Re8 24. Rxe8+ Qxe8 25. g4 Ng7 26. Qd3 Qd7 27. Rd2 Na6 28.
Be3 Qd6 29. Ne5 b4 30. c4 b3 31. Rb2 Qa3 32. Qc3 Ne8 33. Nd3 Nd6 34. Qd4 Nb4
35. Nxb4 Rxb4 36. Qf6 Rxc4 37. Bd4 Qa1+ 38. Kh2 Rxd4 39. Qxd4 Nc4 40. d6 Nxd6
41. Rd2 Qxd4 42. Rxd4 b2 43. Rb4 Nc4 44. Rb8+ Kg7 45. g5 f5 46. Rb7+ Kf8 47.
Kg1 Ke8 48. Kf2 Kd8 49. Ke2 Kc8 50. Rb4 Kd7 51. Kd3 Nd6 52. Rxb2 Kc7 53. Kd4
Ne4 54. Ke5 Ng3 55. Ra2 Kb7 56. Rc2 Ne4 57. Ke6 Ng3 58. Kf7 Nh5 59. Rf2 Kc6 60.
Kg8 Kd5 61. Kxh7 Ke4 62. Kxg6 Ng3 63. h4 Ke3 64. Ra2 Kxf4 65. h5 Ne4 66. Ra4
Ke5 67. Ra5+ 1-0

[Event "Lichtenrader Herbst 2017"]
[Site "Berlin"]
[Date "2017.11.05"]
[Round "9.30"]
[White "Silz, Elisa"]
[Black "Jaeschke, Jens-Uwe"]
[Result "0-1"]
[WhiteElo "1970"]
[BlackElo "2128"]
[PlyCount "96"]
[EventDate "2017.??.??"]

1. d4 d5 2. c4 c6 3. Nf3 Nf6 4. e3 Bg4 5. Nc3 e6 6. h3 Bh5 7. Be2 Nbd7 8. O-O
Bd6 9. b3 O-O 10. Bb2 Qe7 11. Rc1 Rad8 12. cxd5 exd5 13. Nh4 Bxe2 14. Qxe2 g6
15. Nf3 Rde8 16. Qc2 Nh5 17. Rfe1 f5 18. Na4 g5 19. Nc5 g4 20. Nxd7 gxf3 21.
Ne5 Bxe5 22. dxe5 Qg5 23. g3 f4 24. exf4 Nxf4 25. Re3 Qh5 26. gxf4 Qxh3 27.
Rxf3 Qxf3 28. Qc3 Qxc3 29. Rxc3 Rxf4 30. Rg3+ Kf7 31. Rh3 Kg6 32. Kf1 h5 33.
Rg3+ Rg4 34. Rf3 Re6 35. Rf8 Kg7 36. Rb8 b5 37. Rb7+ Kg6 38. Rxa7 h4 39. Ra8
Kh7 40. Rf8 h3 41. Rf7+ Rg7 42. Rxg7+ Kxg7 43. Kg1 Rg6+ 44. Kh1 Kf7 45. b4 Ke6
46. a3 Rg2 47. Bd4 Kf5 48. f3 Ra2 0-1